Statistics for ICC Cricketer Of The Year Award Winners 2004-2012

Click here to take the quiz!

General Stats

  • This quiz has been taken 892 times
  • The average score is 4 of 9

Answer Stats

HintAnswer% Correct
2006Ricky Ponting
89%
2007Ricky Ponting
89%
2010Sachin Tendulkar
89%
2004Rahul Dravid
60%
2009Mitchell Johnson
24%
2008Shivnarine Chanderpaul
20%
2012Kumar Sangakara
19%
2011Johnathan Trott
15%
2005Jacques Kallis & Andrew Flintoff
3%

Score Distribution

Percentile by Number Answered

Percent of People with Each Score

Your Score History

You have not taken this quiz